| 000 | 01079cam a2200337 a 4500 | ||
|---|---|---|---|
| 999 |
_c8734 _d8734 |
||
| 001 | 17362971 | ||
| 003 | GZU | ||
| 005 | 20210524131351.0 | ||
| 008 | 120626s2011 enk b 001 0 eng | ||
| 010 | _a 2012406027 | ||
| 015 |
_aGBB0A8306 _2bnb |
||
| 016 | 7 |
_a015644920 _2Uk |
|
| 020 | _a9781846612527 (hbk.) | ||
| 020 | _a1846612527 (hbk.) | ||
| 035 | _a(OCoLC)ocn663445947 | ||
| 040 |
_aUKM _cUKM _dYDXCP _dCDX _dBWK _dC#P _dDLC |
||
| 042 | _alccopycat | ||
| 050 | 0 | 0 |
_aKF730 _b.H65 2011 |
| 082 | 0 | 4 |
_a346.059 _222 |
| 100 | 1 | _aHolden, Andrew. | |
| 245 | 1 | 0 |
_aTrust protectors / _cAndrew Holden ; consultant editor, David Brownbill. |
| 260 |
_aBristol : _bJordans, _c2011. |
||
| 300 |
_aliv, 347 p. ; _c26 cm. |
||
| 504 | _aIncludes bibliographical references (p. [335]-338) and index. | ||
| 650 | 0 |
_aTrusts and trustees _zEngland. |
|
| 650 | 0 |
_aTrusts and trustees _zWales. |
|
| 700 | 1 | _aBrownbill, David. | |
| 906 |
_a7 _bcbc _ccopycat _d2 _encip _f20 _gy-gencatlg |
||
| 942 |
_2lcc _cBK _h730 _iHOL _kKF _m2011 |
||